Alle Länder NS-Deutschlands - Statistiken

Allgemein
  • Dieses Quiz wurde 28 mal gespielt
  • Das Durchschnittsergebnis liegt bei 22 aus 27
Antwortstatistiken
Land % Korrekt
Österreich
100%
Dänemark
96%
Frankreich
96%
Italien
96%
Luxemburg
96%
Belgien
92%
Niederlande
92%
Polen
92%
Norwegen
88%
Russland
88%
Serbien
88%
Ungarn
88%
Deutschland
85%
Griechenland
85%
Tschechien
85%
Kroatien
81%
Slowakei
81%
Estland
77%
Lettland
77%
Slowenien
77%
Ukraine
77%
Albanien
73%
Belarus
73%
Litauen
73%
Montenegro
65%
Nordmazedonien
65%
Grossbritannien (Kanalinseln)
4%
Keine übereinstimmenden Quizze gefunden
Verteilung der Resultate
Anzahl Personen mit jedem Resultat
Perzentil nach korrekt beantworteten Fragen
Ihre Resultats-Entwicklung
Sie haben dieses Quiz noch nicht gespielt